000 00948cam a22003011 4500
001 sa 68009180
003 DLC
005 20260227112541.0
008 890522s1967 ii c 000 0 hino
010 _asa 68009180
035 _a(OCoLC)19746976
040 _aDLC
_cWaU
_dDLC
042 _apremarc
043 _aa-ii---
050 0 0 _aPK1939
_b.S54814
100 1 _aSingh, Janki Nath.
245 1 0 _aHindī kaviyoṃ kā chandaśastra ko yogadāna.
260 _c[1967 or 8]
300 _a9, 226, 6 p.
_bport.
_c23 cm.
440 0 _aSeṭha Bholārāma Sekasariyā smāraka grantha-mālā,
_v20
500 _aIn Hindi.
500 _aList of the publications of Lucknow University: [1]-6 (3d group)
504 _aBibliography: p. [207]-212 (3d group)
650 0 _aHindi language
_xVersification.
650 0 _aHindi poetry
_xHistory and criticism.
700 1 _aDīkshita, Hirālālā,
_d1916-
700 1 _aShukla, Prabhakar,
_d1935-
999 _c82771
_d82771